000 00308nam a2200133Ia 4500
003 OSt
005 20240318161111.0
008 170524s9999 xx 000 0 und d
020 _a9789387067028
040 _cIIMT UNIVERSITY
100 _aNORTON- PETER
245 0 _aINTRODUCTION TO COMPUTER
942 _2ddc
_c02
999 _c9956
_d9956